000 00375 a2200169 4500
001 69459
020 _a8516028402
040 _cAnchieta - Itaigara
100 _aMayhew, James
240 1 0 _aÉrica e os girassóis
_lpor
245 1 0 _aÉrica e os girassóis
300 _a31
362 0 _a2001
440 1 _aModerna
650 4 _aLiteratura infanto-juvenil
942 _cBK
999 _c69459
_d69459